[Event "4NCL Division 4 South"]
[Site "Reading, ENG"]
[Date "2018.03.24"]
[Round "7.55"]
[White "Lovell, William Pm"]
[Black "Fraser, Susanna"]
[Result "1/2-1/2"]
[WhiteElo "1797"]
[BlackElo "1486"]
[PlyCount "137"]
[EventDate "2018.03.24"]

1. d4 d5 2. Bf4 Nf6 3. e3 c5 4. c3 Bf5 5. Bd3 Bxd3 6. Qxd3 e6 7. Nf3 Bd6 8. Ne5
Qb6 9. Qc2 O-O 10. Nd2 Nc6 11. Ndf3 Rac8 12. Qe2 cxd4 13. exd4 Qc7 14. Nxc6
Qxc6 15. Bxd6 Qxd6 16. O-O Qf4 17. Ne5 Qg5 18. Rad1 Nh5 19. Nd3 Nf4 20. Nxf4
Qxf4 21. Qb5 b6 22. Rd3 Rfe8 23. Qd7 Qc7 24. Qb5 Qc4 25. Qxc4 Rxc4 26. Re1 g6
27. f3 b5 28. a3 a6 29. Kf2 Kg7 30. Rde3 Kf6 31. Re5 Rc6 32. Rxd5 Rb8 33. Rd7
a5 34. d5 exd5 35. Rxd5 b4 36. cxb4 axb4 37. axb4 Rxb4 38. Re2 Rcb6 39. Rdd2 h5
40. Kg3 Kg5 41. Rc2 R6b5 42. Kf2 h4 43. Ke1 Rb3 44. Rf2 f6 45. g3 hxg3 46. hxg3
Re5+ 47. Kf1 Ree3 48. Kg2 Red3 49. Rc5+ f5 50. Rc6 Re3 51. Rcc2 Red3 52. Rcd2
Re3 53. Rd6 53... Rb4 $11 54. Rc6 Rbb3 55. Rc5 Rb4 56. Rc3 Rb3 57. Rxb3 Rxb3
58. Re2 Rb5 59. Kf1 Rb3 60. Rf2 f4 61. Kg2 Kf5 62. g4+ Kg5 63. Kh3 Rd3 64. Kg2
Kh4 65. Rc2 Rb3 66. Rd2 Rb4 67. Kh2 Rb3 68. Rf2 Rb4 69. Kg2 1/2-1/2

[Event "4NCL Division 4 South"]
[Site "Reading, ENG"]
[Date "2018.03.24"]
[Round "7.56"]
[White "Jaberansari, Daniel"]
[Black "Smith, Steven J"]
[Result "0-1"]
[WhiteElo "1458"]
[BlackElo "1757"]
[PlyCount "108"]
[EventDate "2018.03.24"]

1. e4 c5 2. a3 d6 3. b4 cxb4 4. axb4 Nf6 5. Nc3 e6 6. Bb5+ Bd7 7. Bxd7+ Nbxd7
8. f4 Be7 9. Nf3 Qb6 10. Ba3 O-O 11. Qe2 Rac8 12. Qf2 Qxf2+ 13. Kxf2 Rc4 14.
Rhe1 e5 15. f5 Rfc8 16. h3 a6 17. g4 Kf8 18. Nh2 Bd8 19. b5 Nc5 20. Bxc5 R4xc5
21. bxa6 bxa6 22. Rxa6 R5c6 23. Rxc6 Rxc6 24. Rc1 Ba5 25. g5 $11 25... Bxc3 26.
gxf6 Bxd2 27. Rb1 gxf6 28. Rb2 Rc4 29. Kf3 Kg7 30. Nf1 Bf4 31. Ra2 h5 32. Rb2
Rc3+ 33. Kg2 Kh6 34. h4 Kg7 35. Ra2 Kf8 36. Ra8+ Ke7 37. Ra7+ Ke8 38. Ra8+ Kd7
39. Rh8 Rxc2+ 40. Kh1 Re2 41. Rxh5 Rxe4 42. Rh8 Rc4 43. h5 Rc8 44. Rxc8 Kxc8
45. Nh2 Bh6 46. Ng4 Bg7 47. h6 Bh8 48. h7 Kd7 49. Nh6 Ke7 50. Kg2 Kf8 51. Kf3
Kg7 52. Ng4 d5 53. Ne3 d4 54. Nd5 Kxh7 0-1

[Event "4NCL Division 4 South"]
[Site "Reading, ENG"]
[Date "2018.03.24"]
[Round "7.61"]
[White "Farr, Peter G"]
[Black "Jamroz, Krzysztof"]
[Result "0-1"]
[WhiteElo "2192"]
[BlackElo "1983"]
[PlyCount "82"]
[EventDate "2018.03.24"]

1. c4 b6 2. Nc3 Bb7 3. e4 e6 4. Nf3 Bb4 5. Qc2 Ne7 6. d4 f5 7. Bd3 O-O 8. O-O
Bxc3 9. bxc3 h6 10. d5 Na6 11. Be3 Nc5 12. Bxc5 bxc5 13. Rab1 Rb8 14. Nd2 fxe4
15. Nxe4 exd5 16. Nxc5 Bc6 17. Rxb8 Qxb8 18. cxd5 Nxd5 19. Bc4 Qe8 20. Qd2 Rf5
21. Re1 Qh5 22. Ne4 Re5 23. f4 Re6 24. Ng3 Rxe1+ 25. Qxe1 Qf7 26. Qe5 Qe6 27.
Qd4 Kf8 28. Nf1 Qd6 29. g3 a5 30. Nd2 Ba8 31. Ne4 Qc6 32. Bb3 Nxc3 33. Qc5+
Qxc5+ 34. Nxc5 Ke7 35. Kf2 Kd6 36. Nd3 a4 37. Bc2 a3 38. Nc1 Bd5 39. Bb3 Bxb3
40. Nxb3 Nxa2 41. Ke3 c5 0-1

[Event "4NCL Division 4 South"]
[Site "Reading, ENG"]
[Date "2018.03.24"]
[Round "7.62"]
[White "Tombolis, Christopher"]
[Black "Balaji, Aaravamudhan"]
[Result "1/2-1/2"]
[WhiteElo "1864"]
[BlackElo "2042"]
[PlyCount "131"]
[EventDate "2018.03.24"]

1. d4 Nf6 2. c4 g6 3. Nc3 Bg7 4. e4 d6 5. Nf3 O-O 6. Be2 e5 7. O-O c6 8. Bg5
Qc7 9. c5 dxc5 10. dxe5 Ng4 11. Qd6 Bxe5 12. Qxc7 Bxc7 13. Be7 Re8 14. Bxc5 Nd7
15. Bd4 Bb6 16. Bxb6 Nxb6 17. h3 Nf6 18. Nd2 Nfd7 19. f4 Nc5 20. b4 Nca4 21.
Nxa4 Nxa4 22. Rf3 Be6 23. f5 gxf5 24. exf5 Bd5 25. Rg3+ Kf8 26. Bd3 f6 27. Bc4
Rad8 28. Bxd5 Rxd5 29. Nc4 Rd4 30. Rg4 Rxg4 31. hxg4 Re4 32. Nd6 Rd4 33. Nxb7
Rxb4 34. Nd8 c5 35. Ne6+ Kf7 36. Rd1 Ke7 37. g5 Rg4 38. Re1 fxg5 39. Nc7+ Kf7
40. Nd5 Rd4 41. Re7+ Kf8 42. Re5 c4 43. Ne3 $11 43... c3 44. Ra5 Nb2 45. Rc5
$11 45... Nd1 46. Nd5 c2 47. Rc8+ Kg7 48. Rc7+ Kh6 49. Rc6+ Kh5 50. Nf6+ Kh4
51. Rxc2 g4 52. Re2 Nc3 53. g3+ Kg5 54. Nxh7+ Kxf5 55. Rf2+ Ke5 56. Ng5 Rd1+
57. Kg2 Ra1 58. Nf7+ Kd5 59. Rd2+ Ke6 60. Nd8+ Kf6 61. Rf2+ Kg6 62. Nc6 a6 63.
Ne5+ Kg5 64. Nf7+ Kg6 65. Ne5+ Kg7 66. Nxg4 1/2-1/2

[Event "4NCL Division 4 South"]
[Site "Reading, ENG"]
[Date "2018.03.24"]
[Round "7.63"]
[White "Watson, Mikey J"]
[Black "Dias, Savin"]
[Result "1-0"]
[WhiteElo "1997"]
[BlackElo "1744"]
[PlyCount "127"]
[EventDate "2018.03.24"]

1. Nf3 Nf6 2. c4 e6 3. g3 b6 4. Bg2 Bb7 5. O-O Be7 6. d4 d5 7. Nc3 O-O 8. b3 c5
9. cxd5 exd5 10. Bb2 Re8 11. Rc1 Ne4 12. Qc2 f5 13. Rfd1 Nc6 14. e3 Nb4 15. Qb1
Bf8 16. a3 Na6 17. Ne2 g5 18. Nc3 g4 19. Ne5 h5 20. Nxe4 20... fxe4 $11 21. Qc2
Rc8 22. Qe2 Qg5 23. Rd2 Bg7 24. h4 Qe7 25. Ng6 Qf7 26. Nf4 26... cxd4 $11 27.
Rxc8 Rxc8 28. Bxd4 Rc1+ 29. Kh2 Bxd4 30. Rxd4 Nc7 31. Qd2 Ra1 32. Qb2 Re1 33.
Qc3 Rb1 34. a4 Ne6 35. Nxe6 Qxe6 36. Rd2 Qc6 37. Qxc6 Bxc6 38. Rc2 Be8 39. Rc7
Rxb3 40. Rxa7 Rb4 41. Ra8 Kf7 42. a5 bxa5 43. Rxa5 Rb5 44. Ra7+ Ke6 45. Bf1 Rb2
46. Kg2 Rb6 47. Rh7 Bg6 48. Rh8 Rd6 49. Bb5 Rb6 50. Be8 Bxe8 51. Rh6+ Ke5 52.
Rxb6 Bf7 53. Kf1 d4 54. exd4+ Kxd4 55. Ke2 Bc4+ 56. Kd2 Bf7 57. Rb7 Bg6 58.
Rd7+ Ke5 59. Ke3 Ke6 60. Ra7 Kf6 61. Kf4 Ke6 62. Ra6+ Kf7 63. Kg5 Kg7 64. Rxg6+
1-0

[Event "4NCL Division 4 South"]
[Site "Reading, ENG"]
[Date "2018.03.24"]
[Round "7.64"]
[White "Jamroz, Viktor"]
[Black "Royal, Shreyas"]
[Result "1/2-1/2"]
[WhiteElo "1727"]
[BlackElo "1907"]
[PlyCount "120"]
[EventDate "2018.03.24"]

1. e4 c5 2. Nf3 d6 3. c3 Nf6 4. Be2 Nc6 5. d4 cxd4 6. cxd4 Nxe4 7. d5 Qa5+ 8.
Nc3 Nxc3 9. bxc3 Nb8 10. O-O g6 11. Qd4 f6 12. Rb1 Bg7 13. Bb5+ Bd7 14. Bxd7+
Nxd7 15. Bf4 O-O 16. Rxb7 Rfd8 17. Re1 Qa6 18. Rc7 Qa5 19. Rb7 Qa6 20. Qb4 Bf8
21. Nd4 Nb6 22. Rxb6 Qxb6 23. Nc6 Qxb4 24. cxb4 Rd7 25. a4 a6 26. f3 Kf7 27.
Bg3 Rb7 28. Bf2 Bh6 29. a5 Bd2 30. Re2 Bg5 31. Bb6 f5 32. b5 axb5 33. Nd8+ Rxd8
34. Bxd8 b4 35. Bb6 Bc1 36. Re1 Bd2 37. Ra1 Rxb6 38. axb6 Be3+ 39. Kf1 Bxb6 40.
Ke2 e6 41. dxe6+ Kxe6 42. Kd3 Bc5 43. Re1+ Kf6 44. Kc4 Kg5 45. Re7 h5 46. Re6
f4 47. h4+ Kf5 48. Re8 Bf2 49. Rf8+ Ke5 50. Kxb4 Bxh4 51. Kc4 d5+ 52. Kd3 Bf6
53. Ra8 g5 54. Ke2 g4 55. Ra4 Kf5 56. Ra5 Ke5 57. Ra4 g3 58. Ra8 h4 59. Rg8 Kf5
60. Rg4 d4 1/2-1/2

[Event "4NCL Division 4 South"]
[Site "Reading, ENG"]
[Date "2018.03.24"]
[Round "7.65"]
[White "Cook, John"]
[Black "Metcalfe, Charlie P"]
[Result "0-1"]
[WhiteElo "1825"]
[BlackElo "1742"]
[PlyCount "78"]
[EventDate "2018.03.24"]

1. c4 e5 2. g3 Nf6 3. Bg2 c6 4. d4 e4 5. Nc3 d5 6. Bg5 Be7 7. cxd5 cxd5 8. Nh3
Qb6 9. Qd2 Bxh3 10. Bxh3 Qa5 11. a3 Nc6 12. O-O Rd8 13. b4 Qb6 14. e3 h6 15.
Bxf6 Bxf6 16. Rfc1 Bg5 17. Qa2 Ne7 18. Na4 Qd6 19. Nc5 Qb8 20. Rc2 h5 21. Rac1
h4 22. g4 O-O 23. Bf1 Rd6 24. Bb5 Rfd8 25. Qb3 a6 26. Be2 h3 27. b5 a5 28. Qa4
f5 29. gxf5 Nxf5 30. Bg4 Nxe3 31. Be6+ Rxe6 32. Nxe6 Ng4 33. f4 Bxf4 34. Nxf4
Qxf4 35. Rf1 Qe3+ 36. Kh1 Rf8 37. Rxf8+ Kxf8 38. Qxa5 Qf3+ 39. Kg1 Qd1+ 0-1

[Event "4NCL Division 4 South"]
[Site "Reading, ENG"]
[Date "2018.03.24"]
[Round "7.66"]
[White "Roy, Anika Rachna"]
[Black "Ito-Aramendia, Alejandro"]
[Result "0-1"]
[WhiteElo "1211"]
[BlackElo "1620"]
[PlyCount "92"]
[EventDate "2018.03.24"]

1. d4 d5 2. c4 e6 3. Nc3 Nf6 4. cxd5 exd5 5. Bg5 Be7 6. e3 c6 7. Bd3 Be6 8. Qc2
Nbd7 9. Nge2 a6 10. Nf4 h6 11. Nxe6 fxe6 12. Bg6+ Kf8 13. Bh4 c5 14. O-O c4 15.
f4 Ng4 16. Bxe7+ Kxe7 17. Rae1 Qc7 18. e4 Qb6 19. Qd1 Qxb2 20. Qxg4 Qxc3 21.
Qh4+ Kf8 22. Qf2 Nf6 23. h3 Nxe4 24. Bxe4 dxe4 25. Rxe4 Re8 26. f5 e5 27. d5
Qa5 28. f6 g5 29. Rxc4 Qxd5 30. Qc5+ Qxc5+ 31. Rxc5 Rh7 32. Rf5 e4 33. Rce5 Rf7
34. Rxe8+ Kxe8 35. Kf2 Kd7 36. Ke3 Ke6 37. Kxe4 Rxf6 38. Rxf6+ Kxf6 39. g3 h5
40. Kd5 Kf5 41. Kc5 g4 42. h4 Ke4 43. a4 Kf3 44. Kb6 Kxg3 45. Kxb7 Kxh4 46.
Kxa6 g3 0-1

[Event "4NCL Division 4 South"]
[Site "Reading, ENG"]
[Date "2018.03.24"]
[Round "7.71"]
[White "Nelson, Omowale"]
[Black "Pink, Joshua"]
[Result "1-0"]
[WhiteElo "1961"]
[BlackElo "2050"]
[PlyCount "91"]
[EventDate "2018.03.24"]

1. d4 Nf6 2. c4 c5 3. d5 e6 4. Nc3 exd5 5. cxd5 d6 6. e4 g6 7. h3 Bg7 8. Nf3
O-O 9. Bd3 b5 10. O-O a6 11. Bf4 Re8 12. Re1 Qb6 13. Rc1 Nbd7 14. Bh2 Bb7 15.
b3 Re7 16. a4 c4 17. bxc4 b4 18. Rb1 Ne8 19. Ne2 Nc5 20. Nc1 Bc8 21. Bf4 Bd7
22. Bc2 Rc8 23. e5 dxe5 24. Nxe5 Nd6 25. Nxd7 Rxd7 26. Bxd6 Qxd6 27. Nd3 a5 28.
Nxc5 Qxc5 29. Bb3 Rd6 30. Re2 Bc3 31. Qd3 Rf6 32. g3 Bd4 33. Rf1 Rd8 34. Kg2
Rdd6 35. Qe4 Rf5 36. Qe8+ Kg7 37. f3 Bf6 38. Rd1 Rd8 39. Qb5 Qc7 40. c5 Re5 41.
Rc2 Rb8 42. d6 Qa7 43. Qc4 Rc8 44. c6 Rce8 45. d7 Re1 46. dxe8=N+ 1-0

[Event "4NCL Division 4 South"]
[Site "Reading, ENG"]
[Date "2018.03.24"]
[Round "7.72"]
[White "Ireland, David J"]
[Black "Karamazondo, Ernest"]
[Result "1-0"]
[WhiteElo "1997"]
[BlackElo "1883"]
[PlyCount "85"]
[EventDate "2018.03.24"]

1. e4 e5 2. Nf3 Nc6 3. Bc4 Nf6 4. d3 h6 5. O-O Bc5 6. c3 Bb6 7. d4 exd4 8. e5
d5 9. exf6 dxc4 10. fxg7 Rg8 11. Bxh6 Qf6 12. Qd2 Be6 13. Qg5 Qxg5 14. Nxg5
O-O-O 15. Nh7 dxc3 16. bxc3 Ne5 17. h3 Nd7 18. g4 c6 19. Kh2 f6 20. Nd2 Rge8
21. Ne4 Bc7+ 22. f4 Bd5 23. Nexf6 Re2+ 24. Kg3 Re3+ 25. Kh4 Bf7 26. Nxd7 Rxd7
27. Rad1 Bd8+ 28. Bg5 Red3 29. Rde1 Bd5 30. Bxd8 Rxg7 31. Nf6 Bg2 32. g5 Bxf1
33. Rxf1 Kxd8 34. Rc1 b5 35. Kg4 Re7 36. h4 Ree3 37. h5 Rxc3 38. Rxc3 Rxc3 39.
h6 Rc1 40. h7 Rg1+ 41. Kf5 Rh1 42. g6 Ke7 43. g7 1-0

[Event "4NCL Division 4 South"]
[Site "Reading, ENG"]
[Date "2018.03.24"]
[Round "7.73"]
[White "Sloan, Cecil"]
[Black "Bisereko Pafura Godfrey"]
[Result "0-1"]
[WhiteElo "1620"]
[BlackElo "2027"]
[PlyCount "134"]
[EventDate "2018.03.24"]

1. e4 c6 2. d4 d5 3. exd5 cxd5 4. Bd3 Nc6 5. c3 Qc7 6. Ne2 e6 7. Bf4 Bd6 8.
Bxd6 Qxd6 9. O-O Nf6 10. Nd2 O-O 11. Nf3 a6 12. Ng3 b5 13. a3 Bb7 14. Qe2 Rfc8
15. Ne5 Rc7 16. Nh5 Ne8 17. f4 Nd8 18. Qc2 g6 19. Ng3 Nc6 20. Qe2 Ne7 21. Rae1
Nf6 22. Qc2 Kg7 23. Qe2 Nf5 24. Bxf5 exf5 25. Qd3 Bc8 26. Qf3 Ne4 27. Qe3 Be6
28. Nd3 Re8 29. Nxe4 fxe4 30. Nc5 Bc8 31. b4 f5 32. Qg3 h6 33. Re3 Qf6 34. h4
Rf7 35. Nd3 Kh7 36. Ne5 Rg7 37. Qh2 Rf8 38. Rg3 Bd7 39. Re3 Kg8 40. Rh3 Rc8 41.
Rc1 Be8 42. Rc2 Qb6 43. Qg3 a5 44. Qf2 axb4 45. axb4 Ra8 46. Ra2 Rga7 47. Rxa7
Rxa7 48. Re3 Qd8 49. Qg3 Kh7 50. Qh3 Ra1+ 51. Kh2 Rf1 52. Qg3 Rc1 53. Qf2 Qa8
54. Qb2 Rf1 55. g3 Qa4 56. Qg2 Rc1 57. Kh3 Qa1 58. Kh2 Qb1 59. Re2 Rxc3 60. Rb2
Qa1 61. Ra2 Qd1 62. Rd2 Qa4 63. Ra2 Qxb4 64. Ra7+ Kg8 65. Qa2 Qxd4 66. Qa6 Qf2+
67. Kh3 Qxg3# 0-1

[Event "4NCL Division 4 South"]
[Site "Reading, ENG"]
[Date "2018.03.24"]
[Round "7.74"]
[White "Nwachukwu, Chino"]
[Black "Vig, Sanjay"]
[Result "1-0"]
[WhiteElo "1915"]
[BlackElo "1615"]
[PlyCount "61"]
[EventDate "2018.03.24"]

1. e4 d5 2. exd5 Nf6 3. d4 Nxd5 4. Nf3 Bf5 5. a3 Nc6 6. Bb5 e6 7. O-O Bd6 8. c4
Nf6 9. d5 exd5 10. Re1+ Be6 11. Nd4 O-O 12. Rxe6 Nxd4 13. Rxd6 Qxd6 14. Qxd4 c6
15. Ba4 Rfe8 16. Be3 Re4 17. Qd1 Ng4 18. g3 Nxe3 19. fxe3 Rxe3 20. Qd2 Qc5 21.
Kh1 Rae8 22. Nc3 d4 23. Nd5 Qxc4 24. Nxe3 Rxe3 25. Rd1 Qxa4 26. Kg2 c5 27. Qxe3
Qc6+ 28. Qf3 Qd7 29. Re1 Kf8 30. Qf4 Qc8 31. Qd6+ 1-0

[Event "4NCL Division 4 South"]
[Site "Reading, ENG"]
[Date "2018.03.24"]
[Round "7.75"]
[White "Shah, Kian"]
[Black "Goodwin, Ed H"]
[Result "0-1"]
[WhiteElo "1472"]
[BlackElo "1840"]
[PlyCount "60"]
[EventDate "2018.03.24"]

1. e4 c5 2. Nf3 g6 3. d4 cxd4 4. Nxd4 Nc6 5. Be3 Nf6 6. f3 Bg7 7. Bc4 d5 8.
exd5 Nxd5 9. Bxd5 Qxd5 10. c3 O-O 11. Nb3 Qxd1+ 12. Kxd1 Rd8+ 13. Ke2 b6 14.
Rd1 Ba6+ 15. Ke1 Rxd1+ 16. Kxd1 Rd8+ 17. N1d2 e5 18. Kc2 Bd3+ 19. Kc1 f5 20. a4
Ne7 21. Bg5 Rd7 22. Bxe7 Rxe7 23. Ra3 e4 24. f4 Bh6 25. g3 g5 26. fxg5 Bxg5 27.
Kd1 f4 28. gxf4 Bxf4 29. Nc1 Rd7 30. Ne2 Bxe2+ 0-1

[Event "4NCL Division 4 South"]
[Site "Reading, ENG"]
[Date "2018.03.24"]
[Round "7.76"]
[White "Price, Andrew"]
[Black "Gurjar, Roshan"]
[Result "1-0"]
[WhiteElo "1832"]
[BlackElo "1295"]
[PlyCount "47"]
[EventDate "2018.03.24"]

1. e4 c5 2. Nf3 d6 3. Nc3 Nf6 4. Bb5+ Bd7 5. Bxd7+ Qxd7 6. O-O g6 7. d3 Bg7 8.
h3 Nc6 9. Be3 O-O 10. Qd2 Rfe8 11. Ne2 Rad8 12. c3 b6 13. Rad1 e6 14. Bg5 Ne7
15. Nh2 d5 16. e5 Nh5 17. g4 Bxe5 18. gxh5 gxh5 19. Qe3 Bg7 20. Qf3 Rf8 21. Bf6
h4 22. Ng4 Rde8 23. Bxg7 Nf5 24. Nf6+ 1-0

[Event "4NCL Division 4 South"]
[Site "Reading, ENG"]
[Date "2018.03.24"]
[Round "7.81"]
[White "Valentine, Brian J"]
[Black "Hutchinson, Norman A"]
[Result "1-0"]
[WhiteElo "1932"]
[BlackElo "2060"]
[PlyCount "75"]
[EventDate "2018.03.24"]

1. e4 c6 2. d4 d5 3. Nd2 dxe4 4. Nxe4 Bf5 5. Ng3 Bg6 6. Nf3 Nd7 7. h4 h6 8. h5
Bh7 9. Bd3 Bxd3 10. Qxd3 e6 11. Bd2 Ngf6 12. O-O-O Be7 13. Kb1 Qb6 14. Ne4 Rd8
15. Nxf6+ Nxf6 16. Be3 O-O 17. Qe2 Nd5 18. Rd3 Qb5 19. Qd1 c5 20. Rb3 Qc6 21.
Ne5 Qc7 22. Bc1 cxd4 23. Re1 Bf6 24. Ng4 e5 25. Rg3 Kh8 26. Qf3 Rc8 27. Qe4 Bh4
28. Rf3 Nb4 29. c3 f5 30. Rxf5 Rxf5 31. Qxf5 dxc3 32. Nxe5 cxb2 33. Ng6+ Kg8
34. Bxb2 Qc4 35. Qe6+ Qxe6 36. Rxe6 Bf6 37. Rxf6 gxf6 38. Ne7+ 1-0

[Event "4NCL Division 4 South"]
[Site "Reading, ENG"]
[Date "2018.03.24"]
[Round "7.82"]
[White "Kemp, Paul R"]
[Black "Brown, Alan M"]
[Result "1/2-1/2"]
[WhiteElo "2047"]
[BlackElo "1966"]
[PlyCount "43"]
[EventDate "2018.03.24"]

1. e4 e6 2. d4 d5 3. exd5 exd5 4. Bd3 Bd6 5. Nc3 c6 6. Qf3 Qb6 7. Nge2 Ne7 8.
O-O Nd7 9. Re1 O-O 10. Bf4 Qc7 11. Nd1 Nf6 12. Bxd6 Qxd6 13. Ne3 Be6 14. Qg3
Qd7 15. Nf4 Nf5 16. Nxf5 Bxf5 17. Re5 Bxd3 18. Nxd3 Rae8 19. Rae1 Ne4 20. Qe3
Rxe5 21. Nxe5 Qd8 22. f3 1/2-1/2

[Event "4NCL Division 4 South"]
[Site "Reading, ENG"]
[Date "2018.03.24"]
[Round "7.83"]
[White "Majer, Chris E"]
[Black "McCorry, Robert T"]
[Result "0-1"]
[WhiteElo "1859"]
[BlackElo "2007"]
[PlyCount "124"]
[EventDate "2018.03.24"]

1. e4 c6 2. Nf3 d5 3. exd5 cxd5 4. Ne5 Nf6 5. d4 g6 6. c3 Bg7 7. Bd3 O-O 8. Nd2
Nc6 9. Ndf3 Nd7 10. Nxc6 bxc6 11. O-O c5 12. Be3 cxd4 13. Nxd4 Ne5 14. Re1 Nxd3
15. Qxd3 Bd7 16. Bg5 Re8 17. Re2 f6 18. Bh4 e5 19. Nb3 Bf5 20. Qd2 Qd6 21. Rd1
Rad8 22. f3 Bc8 23. Bf2 Ba6 24. Ree1 Qc7 25. Nc5 Bc8 26. Qc2 Bf8 27. b4 Kh8 28.
Qb3 Bxc5 29. Bxc5 Be6 30. Qa3 Ra8 31. Qa6 Kg7 32. Re2 Bc8 33. Qa4 Bd7 34. Qa6
Re6 35. Qd3 Bc6 36. Qe3 Bb5 37. Red2 Bc4 38. a4 Ree8 39. Re1 a6 40. a5 Qc6 41.
Bb6 Rac8 42. Red1 Bb3 43. Rb1 Bc4 44. Qc5 Qe6 45. Qe3 Rc6 46. Rbd1 Rec8 47. Rc1
Bb5 48. Rdd1 Ba4 49. Re1 Qf5 50. Qd2 Bb3 51. Be3 g5 52. Qb2 Bc4 53. Qf2 Bb5 54.
Qc2 Qxc2 55. Rxc2 Rxc3 56. Rxc3 Rxc3 57. Bc5 Rc2 58. Rd1 d4 59. h3 Kf7 60. Re1
d3 61. Kh2 d2 62. Rd1 Be2 0-1

[Event "4NCL Division 4 South"]
[Site "Reading, ENG"]
[Date "2018.03.24"]
[Round "7.84"]
[White "McMahon, Paul"]
[Black "Adebajo, Olufemi"]
[Result "0-1"]
[WhiteElo "1959"]
[BlackElo "1911"]
[PlyCount "130"]
[EventDate "2018.03.24"]

1. e4 c5 2. Nf3 g6 3. c3 Bg7 4. Bd3 Nf6 5. Bc2 O-O 6. O-O d5 7. e5 Ng4 8. d4
Nc6 9. a4 c4 10. Bf4 f6 11. exf6 Nxf6 12. Bg3 Bg4 13. Nbd2 Qd7 14. Qe1 e6 15.
Qe3 Bf5 16. Bb1 Ng4 17. Qe2 Rae8 18. h3 Nh6 19. Ne5 Nxe5 20. Bxe5 Bxe5 21. dxe5
Qg7 22. g4 Bxb1 23. Raxb1 Rf4 24. Qe3 g5 25. f3 b6 26. Kg2 Nf7 27. Rfe1 Rd8 28.
Qe2 Nh8 29. Rbd1 Rdf8 30. Ra1 Ng6 31. a5 Rxg4+ 32. fxg4 Nf4+ 33. Kg3 Nxe2+ 34.
Rxe2 Qg6 35. Nf3 Qd3 36. Rf2 b5 37. Kg2 h6 38. Raf1 Qe4 39. Re1 Qf4 40. Rff1 h5
41. Nd4 Qd2+ 42. Re2 Qd3 43. Rxf8+ Kxf8 44. gxh5 Kg8 45. Rf2 Qe4+ 46. Nf3 g4
47. hxg4 Qxg4+ 48. Kf1 Kh7 49. Ke1 Qe4+ 50. Kf1 Qd3+ 51. Kg2 Kh6 52. Nd4 Qe4+
53. Nf3 Kxh5 54. Kh3 b4 55. cxb4 d4 56. Kg3 Qg4+ 57. Kh2 c3 58. bxc3 dxc3 59.
Kh1 Qxb4 60. Rh2+ Kg6 61. Rg2+ Kf7 62. a6 c2 63. Rxc2 Qb1+ 64. Ne1 Qxe1+ 65.
Kh2 Qxe5+ 0-1

[Event "4NCL Division 4 South"]
[Site "Reading, ENG"]
[Date "2018.03.24"]
[Round "7.85"]
[White "Whiteside, Robert"]
[Black "Ribbands, Patrick C"]
[Result "1-0"]
[WhiteElo "1786"]
[BlackElo "1720"]
[PlyCount "63"]
[EventDate "2018.03.24"]

1. e4 c6 2. d4 d5 3. Nc3 dxe4 4. Nxe4 Bf5 5. Ng3 Bg6 6. h4 h6 7. Nf3 e6 8. Bd3
Bxd3 9. Qxd3 Nf6 10. Bd2 Nbd7 11. O-O Be7 12. Rfe1 O-O 13. c4 Re8 14. Bc3 c5
15. d5 exd5 16. cxd5 Nb6 17. Re5 Nfxd5 18. Rae1 Qd7 19. Qf5 Qxf5 20. Nxf5 Kf8
21. Nxg7 Kxg7 22. Rxe7+ Nxc3 23. Rxe8 Rxe8 24. Rxe8 Nxa2 25. Rb8 Nc4 26. Rxb7
Nb4 27. Rxa7 Nxb2 28. Ne5 Kf6 29. Nxf7 c4 30. Nd6 Ke5 31. Nxc4+ Nxc4 32. Ra4
1-0

[Event "4NCL Division 4 South"]
[Site "Reading, ENG"]
[Date "2018.03.24"]
[Round "7.86"]
[White "Mountford, Corinne"]
[Black "Miller, Max C"]
[Result "0-1"]
[WhiteElo "1720"]
[BlackElo "1415"]
[PlyCount "71"]
[EventDate "2018.03.24"]

1. d4 Nf6 2. Bf4 e6 3. e3 c5 4. c3 d5 5. Nd2 Nc6 6. Ngf3 cxd4 7. exd4 Be7 8.
Bd3 O-O 9. Qe2 Bd7 10. h4 Nh5 11. Bg5 f6 12. Be3 Bd6 13. Bxh7+ Kxh7 14. Ng5+
Kg6 15. Nh3 e5 16. dxe5 Nxe5 17. O-O-O Bf5 18. Nb3 Rc8 19. Rhg1 Ng4 20. Qd2
Nxe3 21. fxe3 Ng3 22. h5+ Kh7 23. Rde1 Re8 24. Nf2 Re7 25. Rd1 Rec7 26. Nd4
Rxc3+ 27. Qxc3 Rxc3+ 28. bxc3 Qa5 29. Kd2 Qxa2+ 30. Ke1 Be5 31. Rd2 Qa1+ 32.
Nd1 Bg4 33. Nc2 Qa6 34. Nd4 Ne4 35. Rc2 Bg3+ 36. Nf2 0-1

[Event "4NCL Division 4 South"]
[Site "Reading, ENG"]
[Date "2018.03.24"]
[Round "7.91"]
[White "Ogunshola, Ben"]
[Black "Samworth-Calvier, Juju"]
[Result "1-0"]
[WhiteElo "2124"]
[BlackElo "1907"]
[PlyCount "49"]
[EventDate "2018.03.24"]

1. c4 f5 2. Nc3 Nf6 3. g3 d6 4. d4 e6 5. Bg2 Be7 6. Nf3 O-O 7. b3 Ne4 8. Bb2
Nd7 9. O-O Ndf6 10. Nd2 Nxc3 11. Bxc3 Qe8 12. e4 f4 13. e5 Nd7 14. Qe2 Nb6 15.
exd6 cxd6 16. a4 a5 17. Rfe1 Qg6 18. Rac1 Qf5 19. Bf3 fxg3 20. hxg3 e5 21. dxe5
Bg5 22. Be4 Qd7 23. Rcd1 dxe5 24. c5 Nd5 25. Qc4 1-0

[Event "4NCL Division 4 South"]
[Site "Reading, ENG"]
[Date "2018.03.24"]
[Round "7.92"]
[White "Sutton, Daniel"]
[Black "Olufemi, George"]
[Result "1/2-1/2"]
[WhiteElo "1960"]
[BlackElo "1825"]
[PlyCount "108"]
[EventDate "2018.03.24"]

1. e4 g6 2. d4 Bg7 3. Nf3 c5 4. c3 d5 5. exd5 Qxd5 6. Be2 Nf6 7. O-O O-O 8. Be3
Ng4 9. Bf4 Nc6 10. h3 Nf6 11. dxc5 Qxc5 12. Nbd2 Rd8 13. Qa4 Qf5 14. Bh2 e5 15.
Nb3 Be6 16. Nc5 Bc8 17. g4 Nxg4 18. hxg4 Qxg4+ 19. Qxg4 Bxg4 20. Rfe1 b6 21.
Nb3 f6 22. Rad1 Ne7 23. Nfd4 Bxe2 24. Nxe2 f5 25. Nec1 Nc6 26. Nd2 Rd5 27. Nc4
Rad8 28. Rxd5 Rxd5 29. Nb3 h6 30. Ne3 Rd3 31. Rd1 Rxd1+ 32. Nxd1 Kf7 33. Kg2
Ke6 34. Ne3 g5 35. f3 h5 36. Nd2 Bf6 37. Nef1 f4 38. Nc4 g4 39. Nfd2 Be7 40.
Ne4 Nd8 41. a4 Nf7 42. Bg1 Nh6 43. Bf2 Nf5 44. Ncd2 Bd8 45. b4 Kd5 46. c4+ Ke6
47. c5 bxc5 48. Nxc5+ Kd5 49. Nde4 Ne3+ 50. Bxe3 fxe3 51. Nc3+ Kd4 52. N5e4 Kd3
53. fxg4 hxg4 54. a5 Kc4 1/2-1/2

[Event "4NCL Division 4 South"]
[Site "Reading, ENG"]
[Date "2018.03.24"]
[Round "7.93"]
[White "Fernando, Manel"]
[Black "Finn, Thomas"]
[Result "0-1"]
[WhiteElo "1540"]
[BlackElo "1930"]
[PlyCount "58"]
[EventDate "2018.03.24"]

1. d4 d5 2. Nf3 Nf6 3. Bf4 Bf5 4. e3 e6 5. Nbd2 Nbd7 6. Be2 c6 7. O-O Be7 8.
Nh4 Bg6 9. Nxg6 hxg6 10. h3 Nb6 11. Bh2 Bd6 12. f4 Qc7 13. Nf3 Ne4 14. Ne5
O-O-O 15. Rc1 f6 16. Ng4 f5 17. Ne5 Bxe5 18. dxe5 Qe7 19. Qe1 Qc5 20. Bd3 Nc4
21. Bxc4 dxc4 22. b4 Qb6 23. Rf3 c3 24. a3 Qa6 25. Ra1 Rd2 26. Ra2 Qc4 27. Qb1
Qe2 28. Qf1 Rd1 29. Qxd1 Qxd1+ 0-1

[Event "4NCL Division 4 South"]
[Site "Reading, ENG"]
[Date "2018.03.24"]
[Round "7.94"]
[White "Neale, George"]
[Black "Sloan, Hamish"]
[Result "1/2-1/2"]
[WhiteElo "1810"]
[BlackElo "1523"]
[PlyCount "98"]
[EventDate "2018.03.24"]

1. d4 d5 2. c4 c6 3. Nf3 g6 4. Nc3 Bg7 5. cxd5 cxd5 6. Bf4 e6 7. e3 a6 8. Rc1
Nc6 9. Be2 Nge7 10. O-O O-O 11. Re1 b5 12. a3 Bb7 13. Na2 Rc8 14. b4 Nf5 15. a4
Nd6 16. axb5 Nxb5 17. Bxb5 axb5 18. Rc5 Na7 19. Qc2 Qd7 20. Rc1 Rc6 21. Rxc6
Qxc6 22. Qxc6 Bxc6 23. Bd6 Rc8 24. Bc5 Ra8 25. Bxa7 Rxa7 26. Rc2 Bd7 27. g3 f6
28. Ne1 Kf7 29. Nd3 Bf8 30. Kf1 Ke7 31. Nc5 Be8 32. Ke2 Kd6 33. Kd2 e5 34.
dxe5+ fxe5 35. e4 d4 36. f4 Bh6 37. Nd3 exf4 38. Nxf4 Bxf4+ 39. gxf4 Rf7 40.
Kd3 Rxf4 41. Kxd4 Bc6 42. Nc3 Rh4 43. Rf2 Ke6 44. Kc5 Bd7 45. Rd2 Rh5+ 46. Kd4
Bc6 47. Ne2 Rh4 48. Nc3 Bd7 49. Rf2 Bc6 1/2-1/2